000 00367 a2200157 4500
001 61595
020 _a9788510050395
040 _cAnchieta - Pituba
100 _aGuerreiro, Thales Adriano
240 1 0 _aTempo de história, 8º ano
_lpor
245 1 0 _aTempo de história, 8º ano
300 _a288
362 0 _a2011
650 4 _aHistória do mundo
942 _cBK
999 _c61595
_d61595